00528nam a2200145Ia 4500008004100000024005600041082001600097100007000113110002400183245006700207260002600274600003200300650003300332999001700365260210s9999 xx 000 0 und d a20B-012-CE, 20B-013-CE, 20B-024-CE & 20B-026-CE a621.072 SAN aZajjaj Bin Sana, Wajiha Shaukat, Mahnoor Tariq & Shehryar AKQ aDr. Ghazanfar ullah 0aSmart living centralized management system for housing schemes aKarachi:bUITU,c2020 aComputer System Engineering aBachelor of Engineering (BE) c32803d32803